Company Law (Record no. 3607)

MARC details
000 -LEADER
fixed length control field 00717 a2200217 4500
010 ## - LIBRARY OF CONGRESS CONTROL NUMBER
LC control number ENG-85806
020 ## - INTERNATIONAL STANDARD BOOK NUMBER
International Standard Book Number 8176299286
Terms of availability 880.00
035 ## - SYSTEM CONTROL NUMBER
System control number EN-69339
037 ## - SOURCE OF ACQUISITION
Source of stock number/acquisition DBAD / PUB.
082 14 - DEWEY DECIMAL CLASSIFICATION NUMBER
Classification number 346.54066
090 ## - LOCALLY ASSIGNED LC-TYPE CALL NUMBER (OCLC); LOCAL CALL NUMBER (OCLC)
-- 3683
-- 3683
100 1# - MAIN ENTRY--PERSONAL NAME
Personal name Jain, N K.
245 1# - TITLE STATEMENT
Title Company Law
Statement of responsibility, etc by N.K. Singh
Remainder of title law and practice
260 ## - PUBLICATION, DISTRIBUTION, ETC. (IMPRINT)
Place of publication, distribution, etc New Delhi
Name of publisher, distributor, etc Deep & Deep Publications
Date of publication, distribution, etc 2007
270 ## - ADDRESS
Address F-159, Rajouri Garden,
City New Delhi
State or province Delhi
Postal code 110 027
Telephone number 25435369, 25440916
Electronic mail address ddpbooks@yahoo.co.in
300 ## - PHYSICAL DESCRIPTION
Extent xvi, 522p.
Dimensions 22 cm (Hb).
500 ## - GENERAL NOTE
General note Includes index
650 ## - SUBJECT ADDED ENTRY--TOPICAL TERM
Topical term or geographic name as entry element Company law
942 ## - ADDED ENTRY ELEMENTS (KOHA)
Institution code [OBSOLETE] dpl
Koha item type English Books
Call number prefix 346.54066 / JAI
Holdings
Withdrawn status Lost status Source of classification or shelving scheme Damaged status Not for loan Collection code Home library Current library Source of acquisition Cost, normal purchase price Total Checkouts Full call number Barcode Date last seen Copy number Uniform Resource Identifier Cost, replacement price Price effective from Koha item type
    Dewey Decimal Classification   Not For Loan Non-fiction D.B.Act.Division D.B.Act.Division DBAD/PUB 880.00   346.54066 JAI EN-69339 15/09/2008 1 3841 880.00 15/09/2008 English Books

© Delhi Public Library
Hit Counter
free hit counter